000 01112nas a2200373 4500
001 BR2012001782
003 BR-BrBNA
005 20231205120301.0
007 ta
008 230509b bl.|||p| |||| 00| 00por d
040 _aBR-BrBNA
_bpor
_cBiblioteca Nacional de Agricultura
041 _a(Pt)
072 _aF03; J10
100 1 _aOliveira, C.F. de
100 1 _aOliveira, D.C. de
100 1 _aParisi, J.J.D.
100 1 _aBarbedo, C.J.
245 1 _aDeterioração de sementes de espécies brasileiras de Eugenia em função da incidência e do controle de fungos
650 _aGRUMIXAMA
650 _aUVALHA
650 _aPITANGA
650 _aEUGENIA BRASILIENSIS
650 _aEUGENIA PYRIFORMIS
650 _aEUGENIA SULCATA
650 _aSEMENTE
650 _aFUNGO
650 _aARMAZENAMENTO
650 _aTEOR DE UMIDADE
650 _aFUNGICIDA
650 _aTRATAMENTO DE SEMENTE
773 0 _tRevista Brasileira de Sementes (Brazil)
_xISSN 0101-3122
_g(Sep 2011), v. 33(3) p. 520-532
_wBR2012001782
909 _a202311
_bLúcia
_c55
_dLúcia Elande
942 _2AGRIS
_n0
_cANA
999 _c217738
_d217738